Khảo sát khả năng phòng trị của xạ khuẩn với nấm Colletotrichum spp. gây bệnh thán thư trên xoài : Báo cáo tổng kết đề tài khoa học và công nghệ cấp Trường

Tìm ra chủng xạ khuẩn có khả năng quản lý bệnh thán thư trên xoài do nấm Colletotrichum spp. gây ra.

Gorde:
Xehetasun bibliografikoak
Egile nagusia: Trần, Quốc Phú
Formatua: Liburua
Hizkuntza:Undetermined
Argitaratua: Cần Thơ Trường Đại học Cần Thơ 2015
Gaiak:
Etiketak: Etiketa erantsi
Etiketarik gabe, Izan zaitez lehena erregistro honi etiketa jartzen!
Thư viện lưu trữ: Trung tâm Học liệu Trường Đại học Cần Thơ
LEADER 01099nam a2200229Ia 4500
001 CTU_210442
008 210402s9999 xx 000 0 und d
082 |a 634.44 
082 |b Ph500 
088 |a TSV2015-54 
100 |a Trần, Quốc Phú 
245 0 |a Khảo sát khả năng phòng trị của xạ khuẩn với nấm Colletotrichum spp. gây bệnh thán thư trên xoài : 
245 0 |b Báo cáo tổng kết đề tài khoa học và công nghệ cấp Trường 
245 0 |c Trần Quốc Phú (chủ nhiệm đề tài) ; Lê Minh Tường (hướng dẫn) 
260 |a Cần Thơ 
260 |b Trường Đại học Cần Thơ 
260 |c 2015 
520 |a Tìm ra chủng xạ khuẩn có khả năng quản lý bệnh thán thư trên xoài do nấm Colletotrichum spp. gây ra. 
650 |a Fruit,Mango,Trai cây,Trái xoài 
650 |x Diseases and pests,Bệnh và sâu bệnh 
904 |i Cẩm tú,Qhieu 
980 |a Trung tâm Học liệu Trường Đại học Cần Thơ